00651cam a22002177a 4500003000500000005001700005008004100022010001000063011001000073020001500083035001100098040000900109082001800118245008600136250001100222260003800233300006400271500006200335650001600397700002000413CHAP20220329142936.0050331d2004 mx a r 00110 spa d a89924 a90896 a9706863508 a101453 cCHAP04a574bS7Y 200400aBiología :bla unidad y diversidad de la vidac/por Cecie Starr y Ralph Taggart a10 ed. aMéxico, D.F. :bThomson,c2004. a933 p. :bilus. ; apénd. + 1 disco compacto de 41/4 plgs. aTrad. de : Biology : the unity of diversity of life, 200414aBiología.0 aTaggart, Ralph.